000 00456 a2200145 4500
020 _a0159018471 (pbk.)
020 _a9780159018477 (UPC)
041 _aspa
100 _aKelly, Maureen A.
245 _aUn llamado a celebrar la reconciliacion = Call to celebrate reconciliation / [autora Maureen A. Kelly].
260 _a[Orlando, Fla.] : Harcourt Religion Publishers, c2007.
300 _a151 pages ; illus. ;
_c22 x 28 cm
942 _cBK
952 _71
999 _c20993
_d20993